000 00891nam a2200265Ia 4500
003 OSt
005 20220928131524.0
006 a|||||r|||| 00| 0
007 ta
008 220927b |||||||| |||| 00| 0 eng d
020 _cEURO 139.99
024 _a134896
037 _b117, 21/02/2017, N.R.Book Distributors
_cTextual
040 _aSDCL
_cSDCL
_beng
041 _2eng
_aeng
082 _aG:6:14(J382), Q5
100 _aTian Jichun
_9478678
245 0 _aGenetic analyses of wheat and Molecular marker-assisted breeding, Volume 2
_b Conditional QTL analysis and MAS
260 _aDordrecht
_bSpringer
_c2015
300 _axxv,321p.
_ccm.
650 _aPlant Molecular Biology
700 _a Chen Jiansheng
_9478679
942 _hG:6:14(J382), Q5
_cTEXL
_2CC
999 _c791125
_d791125